[Event "San Agustin Open"]
[Site "Aviles ESP"]
[Date "2006.08.06"]
[Round "2"]
[White "Ozturk,K"]
[Black "Barrientos,S"]
[Result "0-1"]
[WhiteElo "2110"]
[BlackElo "2435"]

1.c4 Nf6 2.Nc3 e6 3.d4 Bb4 4.Qc2 O-O 5.Nf3 d5 6.e3 c5 7.a3 cxd4 8.exd4 Be7
9.Be3 Nc6 10.h3 Re8 11.Bd3 dxc4 12.Bxc4 Nd5 13.Nxd5 exd5 14.Bd3 Qa5+ 15.Kf1 h6
16.g3 Bf6 17.Kg2 Qb6 18.Rhe1 Be6 19.Rad1 Rac8 20.Qb1 Na5 21.Ne5 Nb3 22.f4 Bxe5
23.fxe5 Na5 24.Rf1 Qb3 25.Rf3 Nc4 26.Bxc4 Rxc4 27.Bxh6 Bxh3+ 28.Kf2 Qb6 29.Be3 Rec8
30.Rc1 Rxc1 31.Bxc1 Qxd4+ 32.Be3 Qxe5 33.Rf4 a6 34.Bd4 Qe6 35.Qd3 Rc1 36.Qe3 Rc2+
37.Ke1 Qxe3+ 38.Bxe3 Rxb2 39.Rb4 Rxb4 40.axb4 Kf8 41.Kd2 Ke7 42.Bd4 g6 43.Ke3 Kd6
44.Kf4 Kc6 45.Ke5 Be6 46.Bc3 Kb5 47.Kd4 b6 48.Kd3 a5 49.bxa5 bxa5 50.Ba1 Bf5+
51.Kc3 Kc5 52.Bb2 d4+ 53.Kb3 Bd7 54.Ba3+ Kd5 55.Bc1 Ke4 56.Kc2 a4 57.Ba3 Ke3
58.Bc5 Be6 59.Kc1 f5  0-1

[Event "FSIMB August"]
[Site "Budapest HUN"]
[Date "2006.08.08"]
[Round "4"]
[White "Behm,S"]
[Black "Mihok,O"]
[Result "0-1"]
[WhiteElo "2229"]
[BlackElo "2223"]

1.d4 Nf6 2.c4 e6 3.Nc3 Bb4 4.Qc2 O-O 5.a3 Bxc3+ 6.Qxc3 Ne4 7.Qc2 f5 8.Nh3 d6
9.f3 Nf6 10.e3 e5 11.dxe5 dxe5 12.Be2 Qe7 13.O-O Nc6 14.Nf2 a5 15.b3 f4 16.Qb2 Nh5
17.Nd3 Bf5 18.exf4 Bxd3 19.Bxd3 Nxf4 20.Be4 Nd4 21.Be3 c6 22.Rfe1 Qf6 23.b4 axb4
24.axb4 Nfe2+ 25.Kf1 Rxa1 26.Qxa1 Nf4 27.Qb2 Qh4 28.g3 Qh3+ 29.Kg1 Nd3 30.Bxd4 Nxb2
31.Bxb2 Rd8 32.Bc3 Qe6 33.c5 Qc4 34.Rc1 Qe2 35.Re1 Rd1 36.Rxd1 Qxd1+ 37.Kf2 Qh1
38.Bxe5 Qxh2+ 39.Ke3 Qg1+ 40.Kd3 Kf7 41.Bd6 h5 42.Ke2 Qd4 43.b5 Qb2+  0-1

[Event "San Agustin Open"]
[Site "Aviles ESP"]
[Date "2006.08.12"]
[Round "8"]
[White "Idrisov,T"]
[Black "Fernandez Nieto,D"]
[Result "1-0"]
[WhiteElo "2042"]
[BlackElo "1835"]

1.d4 Nf6 2.c4 e6 3.Nc3 Bb4 4.Qc2 O-O 5.a3 Bxc3+ 6.Qxc3 d6 7.Nf3 Nbd7 8.e3 b6
9.Be2 Re8 10.O-O Bb7 11.b4 Qe7 12.Bb2 e5 13.d5 a5 14.Qc2 axb4 15.axb4 Rxa1
16.Rxa1 Qf8 17.Ra7 Rb8 18.e4 Qc8 19.Nd2 Ra8 20.Qa4 Rxa7 21.Qxa7 Qa8 22.Qxa8+ Bxa8
23.f3 g6 24.Nb3 Nb8 25.c5 bxc5 26.bxc5 Bb7 27.cxd6 cxd6 28.Ba3 Ne8 29.Bb5 Nc7
30.Ba4 f6 31.Bxd6 Nca6 32.Bb5 Kf7 33.Na5 Bc8 34.Nc6 Bd7 35.g3 Ke8 36.f4 exf4
37.gxf4 Bxc6 38.dxc6 Kd8 39.e5 fxe5 40.fxe5 Nc7 41.Ba4 Nba6 42.Bb3 Ne8 43.Kf2 Nxd6
44.exd6 Nb4 45.c7+ Kc8 46.Be6+  1-0

[Event "FSIMB August"]
[Site "Budapest HUN"]
[Date "2006.08.12"]
[Round "8"]
[White "Kahn,E"]
[Black "Brener,I"]
[Result "1/2-1/2"]
[WhiteElo "2307"]
[BlackElo "2327"]

1.d4 Nf6 2.c4 e6 3.Nc3 Bb4 4.Qc2 O-O 5.a3 Bxc3+ 6.Qxc3 b6 7.Bg5 Bb7 8.Nf3 d6
9.e3 Nbd7 10.Nd2 c5 11.f3 Rc8 12.b4 h6 13.Bh4 cxd4 14.exd4 Ba6 15.Qb2  1/2-1/2

[Event "Open"]
[Site "Stare Mesto CZE"]
[Date "2006.08.13"]
[Round "3"]
[White "Brokken,D"]
[Black "Zpevak,P"]
[Result "1/2-1/2"]
[WhiteElo "2173"]
[BlackElo "2377"]

1.d4 Nf6 2.c4 e6 3.Nc3 Bb4 4.Qc2 O-O 5.a3 Bxc3+ 6.Qxc3 b6 7.Bg5 Bb7 8.f3 d6
9.e4 c5 10.d5 Nbd7 11.Bd3 exd5 12.Bxf6 Qxf6 13.Qxf6 Nxf6 14.exd5 b5 15.cxb5 Bxd5
16.Ne2 Rfe8 17.Kf2 Rab8 18.Nc3 Be6 19.b4 Rec8 20.bxc5 dxc5  1/2-1/2

[Event "Open"]
[Site "Predeal ROM"]
[Date "2006.08.16"]
[Round "7"]
[White "Grigore,Ge"]
[Black "Berescu,A"]
[Result "1/2-1/2"]
[WhiteElo "2472"]
[BlackElo "2491"]

1.d4 e6 2.c4 Nf6 3.Nc3 Bb4 4.Qc2 O-O 5.a3 Bxc3+ 6.Qxc3 b6 7.g3 Bb7 8.Nf3 d5
9.Bg2 dxc4 10.Qxc4 Bd5 11.Qa4 Nbd7 12.O-O c5 13.Be3 Qe7 14.Rac1 c4  1/2-1/2

[Event "Open"]
[Site "Stare Mesto CZE"]
[Date "2006.08.16"]
[Round "7"]
[White "Brokken,D"]
[Black "Vojtek,V"]
[Result "1-0"]
[WhiteElo "2173"]
[BlackElo "2387"]

1.d4 Nf6 2.c4 e6 3.Nc3 Bb4 4.Qc2 O-O 5.a3 Bxc3+ 6.Qxc3 b6 7.Bg5 Bb7 8.f3 d6
9.e4 c5 10.d5 Nbd7 11.Nh3 h6 12.Bf4 exd5 13.cxd5 Re8 14.Be2 Qe7 15.Qd2 Nh5
16.O-O f5 17.Bd3 g5 18.Bg3 Nxg3 19.hxg3 fxe4 20.Bxe4 Nf6 21.Nf2 Qe5 22.Bg6 Qe2
23.Qc3 Nxd5 24.Qb3 c4 25.Qa4 Re7 26.Be4 Kf8 27.Rae1 Qxb2 28.Bxd5 Bxd5 29.Rxe7 Kxe7
30.Re1+ Kf8 31.Qd7 Qf6 32.Ng4 Qg6 33.Qe7+ Kg8 34.Nf6+ Kh8 35.Nxd5 Qg7 36.Qxd6 c3
37.Re7 c2 38.Qc6 c1=Q+ 39.Qxc1 Qd4+ 40.Kh2  1-0

[Event "3rd Dato Arthur Tan"]
[Site "Kuala Lumpur MAS"]
[Date "2006.08.22"]
[Round "3"]
[White "Rogers,I"]
[Black "Tirto"]
[Result "1/2-1/2"]
[WhiteElo "2548"]
[BlackElo "2418"]

1.d4 Nf6 2.c4 e6 3.Nc3 Bb4 4.Qc2 O-O 5.e4 d5 6.e5 Ne4 7.Bd3 c5 8.Ne2 cxd4
9.Nxd4 Nd7 10.Nf3 Ndc5 11.O-O Bxc3 12.bxc3 Qa5 13.Bxe4 dxe4 14.Ng5 Bd7 15.Nxe4 Nxe4
16.Qxe4 Bc6 17.Qe3 Rad8 18.Qg3 Kh8 19.Re1 Rd7 20.Be3 Qxc3 21.Bc5 Qxg3 22.hxg3 Ra8
23.Bd6 f5 24.f3 Rad8 25.Kf2 h6 26.Rh1 Kh7 27.Rh2 Kg6 28.Rh4 Rf7 29.g4 fxg4
30.Rxg4+ Kh7 31.Rh1 Rdd7 32.Rh3 Rf5 33.Rhg3 g5 34.Rh3 Kg6 35.Rd4 h5 36.Rxh5 Kxh5
37.g4+ Kg6 38.gxf5+ Kxf5 39.Kg3 a6 40.Bc5 Kxe5 41.Rxd7 Bxd7 42.Be3 Kf5 43.a3 Bc6
44.c5 e5 45.Bd2 e4 46.fxe4+ Bxe4 47.a4 g4 48.a5 Bf3 49.Bf4 Ke4 50.Bc7 Kd5
51.Bb6 Kc6 52.Kh2 Kd5 53.Kg3 Ke4 54.Ba7 Kd5 55.Bb6  1/2-1/2

[Event "Independence Cup A"]
[Site "Kyiv UKR"]
[Date "2006.08.23"]
[Round "11"]
[White "Shishkin,Va UKR"]
[Black "Nazarevich,V"]
[Result "0-1"]
[WhiteElo "2529"]
[BlackElo "2303"]

1.d4 Nf6 2.c4 e6 3.Nc3 Bb4 4.Qc2 O-O 5.a3 Bxc3+ 6.Qxc3 d5 7.Bg5 h6 8.Bh4 Nbd7
9.cxd5 exd5 10.e3 c6 11.Qc2 g5 12.Bg3 Ne4 13.Bd3 Qe7 14.Ne2 f5 15.O-O-O Ndf6
16.Kb1 Nxg3 17.Nxg3 Ne4 18.Bxe4 fxe4 19.Rdf1 Bd7 20.f3 exf3 21.gxf3 Bh3 22.Rf2 Qh7
23.Qxh7+ Kxh7 24.Kc1 Rf7 25.Kd2 Raf8 26.Ke2 Kg6 27.Nf1 Re8 28.Nd2 Rfe7 29.e4 dxe4
30.fxe4 Bf5 31.e5 c5 32.Rhf1 Bh3 33.Rf6+ Kg7 34.R1f2 cxd4 35.Kd3 Rd7 36.Nf3 Bg4
37.Ke4 d3 38.Nd2 Bh5 39.e6 Bg6+ 40.Ke5 Rdd8 41.Nc4 b5 42.Nd6 Rxd6 43.Kxd6 d2  0-1

[Event "3rd Dato Arthur Tan"]
[Site "Kuala Lumpur MAS"]
[Date "2006.08.25"]
[Round "8"]
[White "Tirto"]
[Black "Dao Thien Hai"]
[Result "1/2-1/2"]
[WhiteElo "2418"]
[BlackElo "2549"]

1.d4 Nf6 2.c4 e6 3.Nc3 Bb4 4.Qc2 O-O 5.a3 Bxc3+ 6.Qxc3 b6 7.Bg5 Bb7 8.g3 c5
9.dxc5 bxc5 10.e3 d6 11.Rd1 Nc6 12.Nh3 Ne5  1/2-1/2

[Event "6th Open"]
[Site "Velika Gorica CRO"]
[Date "2006.08.26"]
[Round "9"]
[White "Bozinovic,Bog"]
[Black "Ognjacevic,A"]
[Result "1-0"]
[WhiteElo "2268"]
[BlackElo "2088"]

1.d4 Nf6 2.c4 e6 3.Nc3 Bb4 4.Qc2 O-O 5.a3 Bxc3+ 6.Qxc3 b6 7.f3 d5 8.e3 Nbd7
9.b4 c5 10.dxc5 bxc5 11.b5 a6 12.a4 e5 13.a5 d4 14.Qa3 Qc7 15.b6 Qd6 16.Nh3 Bb7
17.e4 Ne8 18.Nf2 g6 19.Bd3 f5 20.Ra2 Qf6 21.Re2 Nd6 22.Qa4 Rac8 23.Qxd7 Bc6
24.Bg5 Bxd7 25.Bxf6 Rxf6 26.exf5 Bxf5 27.Kd2 Be6 28.Rc1 Nb7 29.Ra1 Rff8 30.Rxe5 Rfe8
31.Be4 Nd6 32.Rxe6 Nxc4+ 33.Kc1 Red8 34.Bb7 Rb8 35.Bxa6 Nd6 36.Ne4 Nxe4 37.Rxe4 Kf8
38.Kd2  1-0

[Event "6th Open"]
[Site "Velika Gorica CRO"]
[Date "2006.08.26"]
[Round "9"]
[White "Malada,V"]
[Black "Franciskovic,V"]
[Result "1/2-1/2"]
[WhiteElo "2256"]
[BlackElo "2061"]

1.d4 Nf6 2.c4 e6 3.Nc3 Bb4 4.Qc2 O-O 5.a3 Bxc3+ 6.Qxc3 b5 7.cxb5 c6 8.f3 cxb5
9.e4 a6 10.Nh3 Nc6 11.Be3 Bb7 12.b4 Rc8 13.Qb2 Qb6 14.Qf2 Ne7 15.Bd3 Rc3
16.Qd2 Rfc8 17.O-O Ng6 18.d5 Qc7 19.Bd4 Rb3 20.Rfc1 Rxd3 21.Qxd3 Qxc1+ 22.Rxc1 Rxc1+
23.Kf2 exd5 24.e5 Ne8 25.Qf5 Rc7 26.Bc5 f6 27.Bd6 Nh4 28.Qd3 Nxd6 29.exd6 Rc4
30.Qe2 Ng6 31.Qe8+ Nf8 32.Kg3 Rc8 33.Qe7 Bc6 34.Nf4 Ng6 35.Nxg6 hxg6 36.Kf4 Ra8
37.g4 a5 38.h4 axb4 39.axb4 Ra4 40.Qe1 d4 41.Qe8+ Kh7 42.h5 g5+ 43.Kg3 Ra3
44.Qg6+ Kh8 45.Kf2 Rxf3+ 46.Ke2 Re3+ 47.Kd2 Rf3 48.Qe8+ Kh7 49.Qf7 Kh8 50.Ke2 Re3+
51.Kd1 Rf3 52.Kd2 Rf4 53.Qf8+ Kh7 54.Kd3 Bd5 55.Qe8 Bc4+ 56.Kd2 Rf2+ 57.Kd1 Rf1+
58.Kd2 Rf2+ 59.Kd1  1/2-1/2

[Event "VII Open"]
[Site "Tarragona ESP"]
[Date "2006.08.27"]
[Round "9"]
[White "Krivoshey,S"]
[Black "Carlsson,P"]
[Result "1/2-1/2"]
[WhiteElo "2500"]
[BlackElo "2453"]

1.d4 Nf6 2.c4 e6 3.Nc3 Bb4 4.Qc2 O-O 5.a3 Bxc3+ 6.Qxc3 b6 7.Bg5 d6 8.e3 Nbd7
9.Bd3 Ba6 10.Ne2 c5 11.Qc2 h6 12.Bh4 Rc8 13.Qa4 cxd4 14.exd4 Nb8 15.Rd1 d5
16.cxd5 Bxd3 17.Rxd3 g5 18.Bg3 Qxd5 19.O-O Qc4 20.Qd1 Qc2 21.Nc3 Qxd1 22.Rfxd1 Nd5
23.Nxd5 exd5 24.h4 Nc6 25.hxg5 hxg5 26.f4 g4 27.f5  1/2-1/2

[Event "128th ch-NYS"]
[Site "Colonie USA"]
[Date "2006.09.03"]
[Round "4"]
[White "Gershenov,B"]
[Black "Weatherly,D"]
[Result "0-1"]
[WhiteElo "2037"]
[BlackElo "2088"]

1.d4 Nf6 2.c4 e6 3.Nc3 Bb4 4.Qc2 O-O 5.e4 c5 6.a3 Bxc3+ 7.bxc3 Ne8 8.Nf3 d6
9.Bg5 f6 10.Bh4 Qa5 11.Bd3 e5 12.O-O Nc6 13.d5 Ne7 14.Nd2 g5 15.Bg3 Ng6 16.Nf3 h5
17.h3 Ng7 18.h4 Qd8 19.Qd2 g4 20.Nh2 Kh7 21.f4 gxf3 22.Rxf3 Bg4 23.Nxg4 hxg4
24.Rf2 Nh5 25.Qe2 Qd7 26.Bh2 Nxh4 27.Raf1 Kg7 28.Rf5 Nxf5 29.Qxg4+ Kf7 30.Qxh5+ Ke7
31.Rxf5 Rh8 32.Qg6 Raf8 33.Rxf6 Rxf6 34.Qg7+ Rf7 35.Qxh8 Qg4 36.Bf1 Qd1 37.Qh4+ Ke8
38.Qh8+ Rf8  0-1

[Event "3rd Open"]
[Site "Kalamaria GRE"]
[Date "2006.09.04"]
[Round "7"]
[White "Grigorov,G"]
[Black "Papadopoulos,I"]
[Result "1/2-1/2"]
[WhiteElo "2425"]
[BlackElo "2285"]

1.d4 Nf6 2.c4 e6 3.Nc3 Bb4 4.Qc2 O-O 5.a3 Bxc3+ 6.Qxc3 b5 7.cxb5 c6 8.Bg5 cxb5
9.e3 Bb7 10.Nf3 h6 11.Bh4 g5 12.Bg3 Ne4 13.Qc2 Na6 14.b4 Rc8 15.Qb2 Nc7 16.Bd3 f5
17.O-O a6 18.Bxc7 Rxc7 19.Rac1 d6 20.Nd2 Nxd2 21.Qxd2 Rff7 22.f3 Rxc1 23.Rxc1 Rc7
24.Rxc7 Qxc7 25.d5 Bxd5 26.Bxf5 Qg7 27.Bc2 Qe5 28.Qd4 Qxd4 29.exd4 Kf7 30.Kf2 Kf6
31.Ke3 Bc6 32.g3 Bb7 33.f4 g4 34.Bd3 Bc6 35.Bf1 h5 36.Bd3 Bd5 37.Bc2 Bc6
38.Bb3 Bd7 39.Bc2 Bc6 40.Bb3  1/2-1/2

[Event "3rd Open"]
[Site "Kalamaria GRE"]
[Date "2006.09.04"]
[Round "7"]
[White "Meenakshi,S1"]
[Black "Konstantinidis,M"]
[Result "1-0"]
[WhiteElo "2310"]
[BlackElo "2022"]

1.d4 Nf6 2.c4 e6 3.Nc3 Bb4 4.Qc2 O-O 5.a3 Bxc3+ 6.Qxc3 Ne4 7.Qc2 f5 8.Nf3 d6
9.g3 Nd7 10.Bg2 e5 11.O-O a5 12.b3 Qe7 13.Bb2 exd4 14.Nxd4 Ndf6 15.b4 c5
16.bxc5 dxc5 17.Nf3 Bd7 18.Rab1 Bc6 19.Ne5 Be8 20.Ba1 Rb8 21.Rfd1 Nd7 22.Qb2 Ndf6
23.Qc2 Nd7 24.Nd3 Ndf6 25.Nf4 Bc6 26.h3 Rbd8 27.Rxd8 Rxd8 28.Rd1 a4 29.Nd3 Nd7
30.Qb2 Re8 31.Nf4 Ndf6 32.Nd5 Qf7 33.Nxf6+ gxf6 34.Qc2 Qe6 35.Qd3 Kf7 36.Bf3 Re7
37.Rc1 Rd7 38.Qe3 Kg7 39.Bg2 Qd6 40.h4 Qd2 41.Bc3 Qxe3 42.fxe3 Kf7 43.Be1 Ke6
44.Bf3 h6 45.Kh2 Rd8 46.Ba5 Rg8 47.Rg1 Rg7 48.Bb6 Ke5 49.Rd1 Rd7 50.Rxd7 Bxd7
51.Bc7+ Ke6 52.Bf4 h5 53.Bxh5 Nd2 54.Bf3 Nxc4 55.h5 Be8 56.h6 Bg6 57.Bxb7 Nxa3
58.Bc6 c4 59.Bxa4 c3 60.Bb3+ Ke7 61.Kg2 Bh7 62.Kf1 Nb1 63.Ke1 Nd2 64.Bc2 Ke6
65.Kd1 Kd5 66.Bd3 Ne4 67.Kc2 Kc5 68.Kb3 Bg8+ 69.Kc2 Bh7 70.Bc7 Bg8 71.Bd8 Nxg3
72.Bxf6 Ne4 73.Bxc3 Bh7 74.Bg7 Kd5 75.Kd1 Nd6 76.Bb1 Ne4 77.Ba2+ Kc6 78.Ke1 Kd7
79.Kf1 Ke7 80.Kg2 Nd6 81.Kf3 Bg6 82.Bg8  1-0

[Event "3rd Open"]
[Site "Kalamaria GRE"]
[Date "2006.09.06"]
[Round "9"]
[White "Pavlidou,E"]
[Black "Dorfanis,I"]
[Result "1/2-1/2"]
[WhiteElo "1960"]
[BlackElo "2182"]

1.d4 Nf6 2.c4 e6 3.Nc3 Bb4 4.Qc2 O-O 5.Nf3 d5 6.e3 b6 7.a3 Be7 8.Bd3 Ba6
9.b3 c5 10.O-O cxd4 11.exd4 Nc6 12.Be3 Na5 13.Ne5 Rc8 14.Qa2 Nd7 15.Rfd1 Nxe5
16.dxe5 Qc7 17.cxd5 Bxd3 18.Rxd3 Qxe5 19.Bd4 Qd6 20.dxe6 Rxc3 21.exf7+ Rxf7
22.Rxc3 Qxd4 23.Rc8+ Bf8 24.b4 Nb3 25.Rf1 Qd3 26.h3 Nd4 27.Re1 g6 28.Ree8 Kg7
29.Rcd8 Qd1+ 30.Kh2 Bd6+ 31.Rxd6 Nf3+ 32.gxf3 Qxd6+ 33.Kg2 Qf6 34.Qd5 Kh6
35.Qd2+ Kg7 36.Qe3 Qd6 37.Qe5+ Qxe5 38.Rxe5 Rc7 39.Kg3 Kf6 40.Re3 h5 41.h4 Rc4
42.b5 Ra4 43.Rb3 Ke5 44.Re3+ Kf5 45.Rc3 Ra5 46.Rb3 Ke5 47.Re3+ Kf5 48.Rb3 Ra4
49.Re3 g5 50.hxg5 h4+ 51.Kh3 Kxg5 52.Re5+ Kf6 53.Re3 Kf5 54.Rb3 Ke5 55.Rd3 Rf4
56.Kg2 Kf5 57.Re3 Ra4 58.Kh3 Ra5 59.Rb3 Ra4 60.Re3 Rf4  1/2-1/2

[Event "World Blitz"]
[Site "Rishon Le Zion ISR"]
[Date "2006.09.07"]
[Round "2"]
[White "Gagunashvili,M"]
[Black "Zoler,D"]
[Result "1-0"]
[WhiteElo "2591"]
[BlackElo "2455"]

1.d4 Nf6 2.c4 e6 3.Nc3 Bb4 4.Qc2 O-O 5.Bg5 h6 6.Bh4 d6 7.e3 Nbd7 8.Bd3 b6
9.Ne2 Bb7 10.O-O Bxc3 11.Nxc3 Qe7 12.Rad1 e5 13.d5 a5 14.Be2 Nc5 15.b3 g5
16.Bg3 Kg7 17.a3 Ng8 18.b4 axb4 19.axb4 Nd7 20.f4 exf4 21.exf4 Rfe8 22.fxg5 hxg5
23.Kh1 Ne5 24.Nb5 Qd7 25.Nd4 Nh6 26.Rf2 Qa4 27.Nf5+ Nxf5 28.Qxf5 Re7 29.Bxe5+ Rxe5
30.Qxf7+ Kh8 31.Rdf1 Qc2 32.Qh5+ Qh7 33.Rf8+  1-0

[Event "ch-EU"]
[Site "Liverpool ENG"]
[Date "2006.09.08"]
[Round "3"]
[White "Radovanovic,J"]
[Black "Gyimesi,Z"]
[Result "1/2-1/2"]
[WhiteElo "2366"]
[BlackElo "2616"]

1.d4 Nf6 2.c4 e6 3.Nc3 Bb4 4.Qc2 O-O 5.a3 Bxc3+ 6.Qxc3 b6 7.Bg5 h6 8.Bh4 Ba6
9.Qf3 Nc6 10.e3 Na5 11.Rc1 c5 12.d5 g5 13.Bg3 exd5 14.Be5 Ne4 15.cxd5 Bxf1
16.Qxe4 f5 17.Qf3 Qe7 18.Bc3 Bd3 19.Qh5 Qh7 20.Rd1 f4 21.Rxd3 Qxd3 22.Qxh6 Qb1+
23.Ke2 Qc2+ 24.Ke1 Qb1+ 25.Ke2 Qc2+ 26.Ke1  1/2-1/2

[Event "EU-chG18"]
[Site "Herceg Novi MNE"]
[Date "2006.09.12"]
[Round "3"]
[White "Ivakhinova,I"]
[Black "Kovacs,O"]
[Result "1-0"]
[WhiteElo "2244"]
[BlackElo "1986"]

1.d4 Nf6 2.c4 e6 3.Nc3 Bb4 4.Qc2 O-O 5.a3 Bxc3+ 6.Qxc3 b6 7.Bg5 d6 8.f3 c5
9.e3 h6 10.Bh4 Nbd7 11.Bd3 Qe7 12.Ne2 e5 13.O-O g5 14.Bf2 Nh5 15.Qc2 Ndf6
16.g4 Ng7 17.Ng3 h5 18.gxh5 Nfxh5 19.Be4 Rb8 20.b4 f5 21.Bd5+ Be6 22.bxc5 bxc5
23.dxc5 dxc5 24.e4 Nxg3 25.hxg3 Rf6 26.Rab1 Rb6 27.a4 Rh6 28.a5 Rxb1 29.Rxb1 Bxd5
30.cxd5 fxe4 31.Bxc5 Qc7 32.fxe4 Qxa5 33.Kg2 Qc7 34.Kg1 Nh5 35.d6 Qf7 36.Rb8+ Kg7
37.d7 Qxd7 38.Bf8+ Kh7 39.Bxh6 Kxh6 40.Rc8 Nxg3 41.Qh2+ Nh5 42.Rh8+ Kg7 43.Rxh5 Qd1+
44.Kf2 Qd2+ 45.Kg3 Qf4+ 46.Kg2 Qxe4+ 47.Kf2 Qd4+ 48.Ke1 Qe3+ 49.Qe2 Qg1+
50.Kd2 Qd4+ 51.Qd3 Qb2+ 52.Ke3 Qc1+ 53.Kf2 Qf4+ 54.Qf3 Qd4+ 55.Qe3 Qb2+ 56.Kg3  1-0

[Event "5th Open"]
[Site "Izmir TUR"]
[Date "2006.09.13"]
[Round "4"]
[White "Sanikidze,T"]
[Black "Annageldyev,O"]
[Result "1/2-1/2"]
[WhiteElo "2418"]
[BlackElo "2486"]

1.d4 Nf6 2.c4 e6 3.Nc3 Bb4 4.Qc2 O-O 5.a3 Bxc3+ 6.Qxc3 b6 7.Bg5 Bb7 8.f3 h6
9.Bh4 d5 10.e3 Nbd7 11.Nh3 c5 12.cxd5 cxd4 13.Qxd4 e5 14.Qd1 Bxd5 15.Nf2 Qc7
16.Bb5 Qc5 17.Qe2 Rac8 18.O-O Bc4 19.Bxc4 Qxc4 20.Qxc4 Rxc4 21.Bxf6 Nxf6
22.e4  1/2-1/2

[Event "EU-chG16"]
[Site "Herceg Novi MNE"]
[Date "2006.09.16"]
[Round "6"]
[White "Sadykova,A"]
[Black "Ignacz,M"]
[Result "1-0"]
[WhiteElo "2127"]
[BlackElo "2255"]

1.d4 Nf6 2.c4 e6 3.Nc3 Bb4 4.Qc2 O-O 5.a3 Bxc3+ 6.Qxc3 b6 7.Bg5 h6 8.Bh4 Bb7
9.f3 d5 10.e3 Nbd7 11.cxd5 Nxd5 12.Bxd8 Nxc3 13.Bh4 Nd5 14.Bf2 e5 15.e4 Nf4
16.g3 Ng6 17.Ne2 exd4 18.Nxd4 Nge5 19.Be2 c5 20.Nf5 Nf6 21.O-O Rfd8 22.Rfd1 Kf8
23.Be3 Ng6 24.b4 Rxd1+ 25.Rxd1 cxb4 26.axb4 Rc8 27.Bd4 Ne8 28.Bb5 f6 29.Ra1 Nc7
30.Bc4 Ne8 31.Bb5 Nc7 32.Rxa7 Bxe4 33.Bd7 Rd8 34.Rxc7 Bxf5 35.Bxf5 Ne7 36.Rd7 Rc8
37.Be6  1-0

[Event "EU-chB18"]
[Site "Herceg Novi MNE"]
[Date "2006.09.16"]
[Round "6"]
[White "Vernay,C"]
[Black "Szabo,Kr1"]
[Result "0-1"]
[WhiteElo "2321"]
[BlackElo "2467"]

1.d4 Nf6 2.c4 e6 3.Nc3 Bb4 4.Qc2 O-O 5.a3 Bxc3+ 6.Qxc3 b5 7.cxb5 c6 8.bxc6 Nxc6
9.Bg5 Bb7 10.Bxf6 Qxf6 11.Nf3 Rfc8 12.e3 Ne7 13.Qd2 Bxf3 14.gxf3 Qxf3 15.Rg1 Qf5
16.Bd3 Qh3 17.Qe2 Qxh2 18.Kd2 Ng6 19.Rh1 Qg2 20.Rh5 Rab8 21.b4 f5 22.Bc4 Qc6  0-1

[Event "TCh-FIN 2006-7"]
[Site "Turku FIN"]
[Date "2006.09.17"]
[Round "2"]
[White "Topi Hulmi,T"]
[Black "Kokkila,T"]
[Result "1/2-1/2"]
[WhiteElo "2289"]
[BlackElo "2288"]

1.d4 e6 2.c4 Nf6 3.Nc3 Bb4 4.Qc2 O-O 5.Nf3 d5 6.e3 c5 7.dxc5 Bxc5 8.Bd3 dxc4
9.Bxc4 a6 10.O-O b5 11.Bd3 Bb7 12.e4 Nc6 13.a3 Nd4 14.Nxd4 Bxd4 15.Bg5 Rc8
16.Rac1 h6 17.Bh4 Qa5 18.Qe2 Nd7 19.Nb1 Ne5 20.b4 Qb6 21.Nd2 Ng6 22.Bg3 e5
23.Nf3 Rfd8 24.Bb1 Rxc1 25.Rxc1 Bc8 26.Ba2 Be6 27.h4 Bxa2 28.Qxa2 Qb7 29.h5 Nf4
30.Bxf4 exf4 31.e5 Qd5 32.Qxd5 Rxd5 33.Rc8+ Kh7 34.Nxd4 Rxd4 35.Rf8 Re4 36.Rxf7 Re1+
37.Kh2 Rxe5 38.Rxf4 Rxh5+ 39.Kg3 Rd5 40.Rf3  1/2-1/2

[Event "15th TCh-CRO w"]
[Site "Sibenik CRO"]
[Date "2006.09.26"]
[Round "5"]
[White "Kruljac,P"]
[Black "Medic,Mir"]
[Result "1/2-1/2"]
[WhiteElo "2073"]
[BlackElo "2271"]

1.d4 e6 2.c4 Nf6 3.Nc3 Bb4 4.Qc2 O-O 5.a3 Bxc3+ 6.Qxc3 Ne4 7.Qc2 f5 8.e3 d6
9.Bd3 Qg5 10.f4 Qh4+ 11.g3 Qh5 12.Bxe4 fxe4 13.Qxe4 e5 14.Qd5+ Kh8 15.dxe5 dxe5
16.Nf3 Nc6 17.Nxe5 Nxe5 18.Qxe5 Qxe5 19.fxe5 Be6 20.b3 Rf5 21.Bb2 Rd8 22.Bd4 b6
23.O-O-O Rdf8 24.Rd2 Rf3 25.Re1 Kg8 26.Kb2 Rf2 27.Ree2 Rxe2 28.Rxe2 Kf7 29.Rf2+ Ke7
30.Rxf8 Kxf8 31.c5 Ke7 32.b4 b5 33.h4  1/2-1/2

[Event "Tatry Open"]
[Site "Tatranske Zruby SVK"]
[Date "2006.09.26"]
[Round "5"]
[White "Bednar,Jan"]
[Black "Rachela,M"]
[Result "1/2-1/2"]
[WhiteElo "2162"]
[BlackElo "2351"]

1.d4 Nf6 2.c4 e6 3.Nc3 Bb4 4.Qc2 O-O 5.a3 Bxc3+ 6.Qxc3 b5 7.cxb5 Nd5 8.Qc2 f5
9.e4 fxe4 10.Qxe4 Qf6 11.Nf3 Bb7 12.Bd3 Qd8 13.Bf1 Bc8 14.Ng1 c6 15.Bd3 Nf6
16.Qh4 cxb5 17.Bg5 h6  1/2-1/2

[Event "15th TCh-CRO w"]
[Site "Sibenik CRO"]
[Date "2006.09.27"]
[Round "6"]
[White "Medic,Mir"]
[Black "Jelica,M"]
[Result "0-1"]
[WhiteElo "2271"]
[BlackElo "2190"]

1.d4 Nf6 2.c4 e6 3.Nc3 Bb4 4.Qc2 O-O 5.a3 Bxc3+ 6.Qxc3 b6 7.Bg5 h6 8.Bh4 Bb7
9.f3 d5 10.e3 Nbd7 11.Bd3 dxc4 12.Bxc4 Rc8 13.Ne2 c5 14.dxc5 Rxc5 15.b4 Rc8
16.Qd4 e5 17.Qd3 e4 18.Qd4 exf3 19.gxf3 Rxc4 20.Qxc4 Ne5 21.Bxf6 Qxf6 22.Qc3 Nxf3+
23.Kf2 Ne5+  0-1

[Event "Tatry Open"]
[Site "Tatranske Zruby SVK"]
[Date "2006.09.29"]
[Round "8"]
[White "Bednar,Jan"]
[Black "Ramik,Z"]
[Result "0-1"]
[WhiteElo "2162"]
[BlackElo "2274"]

1.d4 Nf6 2.c4 e6 3.Nc3 Bb4 4.Qc2 O-O 5.e4 d6 6.a3 Bxc3+ 7.bxc3 e5 8.Bd3 c5
9.Ne2 Nc6 10.d5 Ne7 11.f3 Ne8 12.g4 Ng6 13.Ng3 Nf4 14.h4 Bd7 15.Bxf4 exf4
16.Nh5 Qe7 17.Nxf4 f5 18.gxf5 Rxf5 19.Ne6 Rxf3 20.e5 Bxe6 21.dxe6 Qxe6 22.O-O-O Qh6+
23.Kb1 dxe5 24.Rde1 Rd8 25.Rxe5 Rfxd3 26.Rxe8+ Rxe8 27.Qxd3 Qg6 28.Qxg6 hxg6
29.Kc2 Re5 30.Rg1 Kf7 31.Rg4 Kf6 32.Kb3 g5 33.hxg5+ Rxg5 34.Rh4 Re5 35.Ka4 g5
36.Rh6+ Kg7 37.Rd6 g4 38.Rd7+ Kf6 39.Rxb7 g3 40.Rb1 Kf5 41.Kb5 Kg4 42.Ka6 Re7
43.a4 g2 44.a5 Kf3 45.Rb7 Re6+ 46.Kxa7 g1=Q 47.a6 Qg6 48.Kb8 Rxa6 49.Rc7 Qb6+
50.Kc8 Qxc7+  0-1

[Event "Greek Teams Cup m1"]
[Site "Athens GRE"]
[Date "2006.09.30"]
[Round "1.1"]
[White "Kalesis,N"]
[Black "Mastrovasilis,A"]
[Result "1/2-1/2"]
[WhiteElo "2435"]
[BlackElo "2521"]

1.d4 Nf6 2.c4 e6 3.Nc3 Bb4 4.Qc2 O-O 5.a3 Bxc3+ 6.Qxc3 b6 7.Bg5 Bb7 8.Nf3 d6
9.e3 Nbd7 10.Bd3 c5 11.O-O Rc8 12.dxc5 Nxc5 13.b4 Nxd3 14.Qxd3 Bxf3 15.gxf3 d5
16.cxd5 Qxd5 17.Qxd5 Nxd5 18.e4 Nc3 19.Kg2 f5 20.Rfe1 fxe4 21.fxe4 Rc4 22.f3 Nb5
23.Rec1 Rxc1 24.Rxc1 Nxa3 25.Rc7 Nb5 26.Re7 Nd4 27.Be3 Nxf3 28.Rxa7 Ne1+
29.Kg1 Nf3+ 30.Kg2 Ne1+ 31.Kg1 Nc2 32.Bxb6 Rb8 33.Bc5 Nxb4 34.Bd4 Nc6 35.Rxg7+ Kf8
36.Bf6 Rb4 37.Rc7 Rc4 38.Kg2 h5 39.Kg3 e5 40.Kh4 Rxe4+ 41.Kxh5 Nd4 42.h4 Ne6
43.Ra7 Nf4+ 44.Kg5 Re2 45.Kf5 Nd5 46.Bxe5 Ne7+ 47.Kf6 Nd5+ 48.Ke6 Nf4+ 49.Kf5 Nd5
50.h5 Rf2+ 51.Kg4 Nf6+ 52.Kg5 Nxh5 53.Bd6+ Ke8 54.Kxh5 Rf7 55.Ra6 Kd7 56.Kg6 Rf1
57.Be5 Rf2 58.Kg5 Rf1 59.Bf4 Re1 60.Kf5 Rf1 61.Ke4 Re1+ 62.Be3 Ke7 63.Kd4 Kf7
64.Bf4 Re6 65.Ra5 Re1 66.Be5 Ke6 67.Ra6+ Kf5 68.Rf6+ Kg5 69.Rf8 Rd1+ 70.Ke4 Re1+
71.Kd5 Kg4 72.Rf4+ Kg5 73.Rf3 Kg4 74.Rf4+ Kg5 75.Ke6 Re2 76.Rf8 Kg4 77.Rg8+ Kf3
78.Kf5 Rg2 79.Ra8 Re2 80.Bf4 Re7 81.Ra3+ Ke2 82.Be5 Re8 83.Ke4 Re7 84.Ra2+ Ke1
85.Kf4 Kd1 86.Bd4 Re2 87.Ra3 Re8 88.Be5 Ke2 89.Ke4 Re7 90.Ra2+ Ke1 91.Kd5 Kf1
92.Kd4 Re8 93.Ke4 Ke1  1/2-1/2

[Event "Greek Teams Cup m1"]
[Site "Athens GRE"]
[Date "2006.09.30"]
[Round "1.3"]
[White "Kalesis,N"]
[Black "Mastrovasilis,A"]
[Result "1-0"]
[WhiteElo "2435"]
[BlackElo "2521"]

1.d4 Nf6 2.c4 e6 3.Nc3 Bb4 4.Qc2 O-O 5.a3 Bxc3+ 6.Qxc3 b6 7.Bg5 Bb7 8.f3 h6
9.Bh4 d5 10.cxd5 exd5 11.e3 Re8 12.Bb5 c6 13.Ba4 Nbd7 14.Ne2 Ba6 15.Qd2 Bxe2
16.Qxe2 b5 17.Bc2 c5 18.Rd1 Qa5+ 19.Kf2 c4 20.Rhe1 b4 21.axb4 Qxb4 22.Ra1 a5
23.Ra4 Qb5 24.Rea1 Nb6 25.Bxf6 gxf6 26.R4a2 a4 27.f4 Re6 28.Qh5 Kg7 29.Qg4+ Kf8
30.Bf5 Rae8 31.Bxe6 Rxe6 32.Qe2 Kg7 33.Kg1 Qe8 34.Ra3 Re4 35.Rf1 Kf8 36.Qh5 Qb5
37.Qxh6+ Ke7 38.Rf2 Qb4 39.Rc3 Nc8 40.Qh5 Qb5 41.Qd1 Qb4 42.h3 Re6 43.Kh2 Nd6
44.f5 Ne4 45.fxe6 Nxf2 46.Qa1 Qb8+ 47.Kg1 Qg3 48.Kf1 Ne4 49.Rc2 Qxe3 50.Qa3+ Qxa3
51.bxa3 fxe6 52.Ke2 e5 53.Ke3 Nd6 54.g4 Nb5 55.h4 c3 56.g5 Nxa3 57.g6 Ke6
58.Rc1  1-0

[Event "Greek Teams Cup m2"]
[Site "Athens GRE"]
[Date "2006.09.30"]
[Round "1.1"]
[White "Botsari,A"]
[Black "Nikolaidis,I"]
[Result "0-1"]
[WhiteElo "2372"]
[BlackElo "2538"]

1.d4 Nf6 2.c4 e6 3.Nc3 Bb4 4.Qc2 O-O 5.a3 Bxc3+ 6.Qxc3 Qe8 7.f3 d6 8.e4 Nfd7
9.Bd3 e5 10.d5 f5 11.exf5 Nc5 12.Bc2 Bxf5 13.b4 e4 14.f4 Nd3+ 15.Bxd3 exd3+
16.Kf1 Nd7 17.Bb2 Qg6 18.Re1 Ne5 19.Qd4 d2 20.Qxd2 Bd3+ 21.Kf2 Nxc4 22.Qc1 Nxb2
23.Qxb2 Rxf4+ 24.Nf3 Raf8 25.Re3 Be4 26.Qb3 Qh5 27.Qc3 Bxd5  0-1

[Event "WJun"]
[Site "Yerevan ARM"]
[Date "2006.10.03"]
[Round "1"]
[White "Grachev,B"]
[Black "Margvelashvili,G"]
[Result "1/2-1/2"]
[WhiteElo "2583"]
[BlackElo "2456"]

1.d4 Nf6 2.c4 e6 3.Nc3 Bb4 4.Qc2 O-O 5.a3 Bxc3+ 6.Qxc3 b5 7.cxb5 c6 8.g3 cxb5
9.Bg2 Nc6 10.Nf3 Bb7 11.O-O Qb6 12.Bf4 Rfc8 13.Qd3 Ne7 14.Bg5 Be4 15.Qb3 Bc2
16.Qa2 Ned5  1/2-1/2